Statistics for General Knowledge Quiz #5

Click here to take the quiz!

General Stats

  • This quiz has been taken 145 times
  • The average score is 4 of 18

Answer Stats

HintAnswer% Correct
What make of car was the time-machine in the film Back To The Future?De Lorean
75%
In which US State would you find the city Birmingham?Alabama
71%
How old is a horse when it changes from a filly to a mare?4
70%
Complete the name of the American Football team.... Washington _____Redskins
51%
What is the colour of the bull of an archery target?Gold
38%
Which Bond villain has been played by Donald Pleasance?Blofeld
14%
UNHCR is the United Nation's High Commission for what?Refugees
13%
Who was the female member of the SDP''s Gang Of Four?Shirley Williams
11%
A palmiped's feet are more commonly called what?Webbed
10%
Robin Hood & Friar Tuck appear in which well-known novel, by Sir Walter Scott?Ivanhoe
9%
Which school featured in TV's 'Please Sir' ?Fenn Street
8%
What spice is obtained from the tree Myristica Fragrams?Nutmeg
8%
Which musical featured the song They Called The Wind Mariah?Paint Your Wagon
8%
What is the name given to a locked case in which decanters can be seen but not used?Tantalus
7%
Which Dickens character was always 'expecting something to turn up' ?Mr. Micawber
6%
In which war was the Battle Of Bunker Hill fought?War Of Independence
6%
Who hosted TV's Family Fortunes after Bob Monkhouse and before Les Dennis?Max Bygraves
3%
Which hill divides England from Scotland?Cheviots
2%

Score Distribution

Percentile by Number Answered

Percent of People with Each Score

Your Score History

You have not taken this quiz